誰的青春不迷茫

資料類型: Book 圖書   書目號:51172

Leader xxxxxxxxxx
001 __ 102474/4/01
005 __ 20170410105906.774
010 0_ |a9789865617141|b平裝|d新臺幣350元
020 __ |atw|b104007928
042 __ |anbic
100 __ |a20170410d2015    k  y0chiy50      e
101 0_ |achi
102 __ |atw
105 __ |aa   z   000cy
200 1_ |a誰的青春不迷茫|f劉同著
205 __ |a初版
210 __ |a臺北市|c精誠資訊|d2015[民104]
215 0_ |a426面|c|d21公分
300 __ |a封面副題名:一個人,十年光陰。一座城,瞬息萬變。
517 1_ |a一個人,十年光陰。一座城,瞬息萬變。|zchi
517 1_ |a1個人,10年光陰 1座城,瞬息萬變|zchi
606 __ |2cst|a勵志故事
606 __ |2cst|a散文
700 _1 |a|b|4681 __ |a855|b875
801 _0 |atw|bLibDipper|c20170410|gCCR
詳細館藏(共 1 筆)
索 書 號登 錄 號冊次號館別 / 館藏地流通類型狀態加入預約清單電子資源
855 / 875 1024744  圖書館 / 一樓普通區 可外借30天 在館   

| 條列資料




目錄查詢 分類查詢 個人資料 圖書薦購 新書查詢 閉館日 排行榜 更多電子資源 Hami書城 線上資料庫 登出

From : 216.73.217.87

  本日流通累計至 21:55:28 借閱 : 1 次 續借 : 0 次 歸還 : 2 次 預約 : 0 次 電子資源 : 0 次


內湖高中圖書館  PCLIS 版本  26.5.0.12